000 00561nam a2200169Ia 4500
008 090201s9999 xx 000 0 und d
010 _aKPL-60657
040 _bमराठी
041 _aमराठी
082 _a1974
_b60657
100 _aवंसत नरहर फेणे
245 _aमुळे आणि पाळे
_cवंसत नरहर फेणे
260 _c2004
_bमेहता पब्लिशिंग हाउस
300 _a117
_bमोठा
600 _aमुळे आणि पाळे
942 _cBOOK
999 _c203062
_d203062